Países Visitados Por Lula - Statistics

Estatísticas Gerais
  • Esse quiz foi jogado 204 vezes
  • A pontuação média é 55 de 83
Estatísticas das Respostas
Visitas País % Correto
18 Argentina
97%
12 Estados Unidos
97%
13 Venezuela
96%
9 Uruguai
94%
8 Chile
93%
6 Côlombia
93%
4 Cuba
93%
7 França
93%
4 Rússia
93%
5 Equador
92%
5 México
92%
8 Paraguai
92%
6 Portugal
92%
4 África do Sul
90%
3 China
90%
6 Espanha
90%
2 Japão
89%
3 Guiana
88%
6 Reino Unido
88%
7 Peru
87%
3 Alemanha
86%
8 Bolivia
86%
1 Suriname
86%
2 Angola
84%
2 Coreia do Sul
84%
3 Índia
84%
1 Egito
82%
6 Itália
82%
2 Suécia
82%
1 Panamá
80%
7 Suiça
78%
1 Costa Rica
76%
1 Noruega
75%
1 Arábia Saudita
73%
1 Finlândia
73%
3 Haiti
73%
1 Nicarágua
73%
3 Dinamarca
72%
2 Bélgica
71%
1 Israel
71%
1 Turquia
71%
1 Irã
70%
3 Moçambique
70%
1 Áustria
69%
1 Honduras
69%
1 Indonésia
69%
3 Guatemala
68%
1 Holanda
68%
2 Ucrânia
68%
1 Argélia
67%
4 El Salvador
67%
2 Vaticano
65%
1 Jamaica
63%
2 Nigéria
62%
1 Emirados Árabes Unidos
60%
1 República Dominicana
60%
1 República do Congo
58%
1 Vietnã
58%
2 Catar
56%
1 Síria
52%
2 Cabo Verde
50%
2 Líbia
48%
1 Líbano
44%
1 Senegal
44%
1 Camarões
43%
2 Gana
43%
1 Cazaquistão
42%
1 Quênia
42%
1 República Checa
42%
1 Guiné-Bissau
39%
1 Jordânia
39%
2 São Tomé e Príncipe
39%
1 Guiné-Equatorial
33%
1 Namíbia
33%
1 Tanzânia
33%
1 Trinidad e Tobago
33%
1 Timor-Leste
31%
1 Zâmbia
28%
1 Gabão
25%
1 Botswana
24%
1 Palestina
21%
1 Burkina Faso
12%
1 Antártica
7%
Nenhum quiz correspondente encontrado
Distribuição das Pontuações
Porcentagem de Pessoas com Cada Pontuação
Percentil de Números Respondidos
Sua Pontuação Histórica
Você não jogou esse quiz